| 000 | 00902nam0a2200289 4500 | ||
|---|---|---|---|
| 001 | RU\NLR\ONL1\8832 | ||
| 005 | 20250806203001.0 | ||
| 035 | _a(NLR Aleph) 009637582 | ||
| 090 |
_a43041 _c43041 |
||
| 100 | _a20060608d1941 u y0rusy50 ca | ||
| 101 | 1 |
_afiu _crus |
|
| 102 | _aRU | ||
| 105 | _ac ||||||||| | ||
| 200 | 1 |
_aКылбуръёс _e[Пер. с рус. |
|
| 210 |
_aИжевск] _cУдмуртгосиздат _d1941 |
||
| 215 |
_a56 с. _cпортр. _d15 |
||
| 541 | 1 |
_aСтихи _zrus |
|
| 686 | 1 | _aШ6(2=У)-91Р5-5 | |
| 700 | 1 |
_aЛермонтов _bМ. Ю. _f1814-1841 _gМихаил Юрьевич _3RU\NLR\auth\77328 _4070 |
|
| 801 | 0 |
_aRU _bNLR _c20060608 _gPSBO |
|
| 852 |
_aNLR _bОНЛ _jУдмур./1-167 |
||
| 942 | _cBOOK | ||
| 945 | _aРоссийская национальная библиотека | ||
| 980 | _aNB | ||
| 980 | _aBV | ||